[Event "Druzynowe Mistrzostwa Polski II Liga"]
[Site "Szklarska Poreba"]
[Date "1899-12-30"]
[Round "5.1"]
[White "Bator, Robert"]
[Black "Kislinsky, Alexey"]
[Result "0-1"]
[WhiteTitle "IM"]
[BlackTitle "GM"]
[WhiteElo "2398"]
[BlackElo "2505"]

1. d4 g6 2. g3 Bg7 3. Bg2 c5 4. c3 Qa5 5. d5 d6 6. e4 Nf6 7. Ne2 Nbd7 8. O-O b5
9. a3 O-O 10. h3 Rb8 11. Be3 Qc7 12. Nd2 Ne5 13. b4 Nfd7 14. f4 Nc4 15. Nxc4 bxc4
16. Rb1 a5 17. b5 a4 18. Qxa4 Nb6 19. Qc2 Ra8 20. Bc1 Ra5 21. f5 Bd7 22. h4 Rxb5
23. Rxb5 Bxb5 24. h5 Ba4 25. Qd2 Nd7 26. fxg6 fxg6 27. Nf4 Qa5 28. hxg6 Qxc3 29.
gxh7+ Kxh7 30. Qxc3 Bxc3 31. Bh3 Ne5 32. Bf5+ Rxf5 33. exf5 Bc2 34. Ne6 Bd4+ 35.
Kh2 c3 36. Rf4 Bb3 37. Kh3 Nd3 38. Rh4+ Kg8 39. Nxd4 cxd4 40. Bh6 Nf2+ 41. Kg2
Ne4 42. Rg4+ Kf7 43. Rg7+ Ke8 44. Rg8+ Kd7 45. Ra8 d3 46. Ra7+ Kc8 47. Rxe7 d2
0-1

[Event "Druzynowe Mistrzostwa Polski II Liga"]
[Site "Szklarska Poreba"]
[Date "1899-12-30"]
[Round "5.2"]
[White "Grabarczyk, Miroslaw"]
[Black "Sypien, Mateusz"]
[Result "1/2-1/2"]
[WhiteTitle "GM"]
[BlackTitle "k"]
[WhiteElo "2422"]
[BlackElo "2250"]

1. d4 Nf6 2. c4 g6 3. Nf3 Bg7 4. g3 O-O 5. Bg2 d6 6. Nc3 Nbd7 7. O-O c6 8. e4 e5
9. h3 Qb6 10. Re1 exd4 11. Nxd4 Ng4 12. Nce2 Nge5 13. b3 Nc5 14. Be3 a5 15. Rb1
Re8 16. Qc2 Ned3 17. Red1 Nb4 18. Qd2 Bxh3 19. Bxh3 Nxe4 20. Qe1 c5 21. Nb5 d5
22. a3 d4 23. Bf4 Nc2 24. Qf1 g5 25. Bc7 Qc6 26. Bg2 Nxa3 27. Nxa3 Qxc7 28. Nb5
Qb6 29. Rd3 Rad8 30. Re1 Qg6 31. Nc1 f5 32. Rdd1 Re7 33. Re2 Rde8 34. Rde1 Kf8
35. Nd3 b6 36. Bf3 h5 37. Qg2 Bh6 38. Qh1 1/2-1/2

[Event "Druzynowe Mistrzostwa Polski II Liga"]
[Site "Szklarska Poreba"]
[Date "1899-12-30"]
[Round "5.3"]
[White "Sycz, Dariusz"]
[Black "Aliavdin, Nikolai"]
[Result "1/2-1/2"]
[WhiteTitle "k"]
[BlackTitle "IM"]
[WhiteElo "2182"]
[BlackElo "2342"]

1. d4 Nf6 2. c4 e6 3. Nf3 c5 4. e3 d5 5. Nc3 Nc6 6. dxc5 Bxc5 7. a3 a6 8. b4 Bd6
9. cxd5 exd5 10. Bb2 O-O 11. Be2 Re8 12. O-O Bc7 13. Qd3 Qd6 14. Rfd1 Be6 15.
g3 Qd7 16. Na4 Ne4 17. Rac1 Qe7 18. Nc5 Nxc5 19. Rxc5 a5 20. Rb5 axb4 21. axb4
Bd6 22. h4 f6 23. Nd4 Nxd4 24. Bxd4 Qc7 25. Bb6 Qc6 26. Bf3 Ra3 27. Qxa3 Qxb5
28. Bc5 Bxc5 29. bxc5 Rd8 30. Kg2 h6 31. Rd2 b6 32. cxb6 Qxb6 33. Rd4 Rd7 34.
h5 Qd8 35. Qd3 Kh8 36. Qa6 Bf7 37. Qc6 Rd6 38. Qb7 Qe8 39. Qc7 Rc6 40. Qb7 Rc2
41. Qb3 Rc4 42. Qd3 Rxd4 1/2-1/2

[Event "Druzynowe Mistrzostwa Polski II Liga"]
[Site "Szklarska Poreba"]
[Date "1899-12-30"]
[Round "5.4"]
[White "Flak, Pawel"]
[Black "Pulik, Krzysztof"]
[Result "0-1"]
[WhiteTitle "k"]
[BlackTitle "k"]
[WhiteElo "2210"]
[BlackElo "2134"]

1. d4 d5 2. Nf3 e6 3. c4 c5 4. cxd5 exd5 5. Nc3 Nc6 6. Bg5 Be7 7. Bxe7 Ngxe7 8.
e3 c4 9. Be2 O-O 10. O-O b5 11. Ne5 Rb8 12. f4 Qd6 13. Qd2 Nd8 14. Rac1 f6 15.
Nf3 Qb6 16. Rfe1 Nf7 17. b3 b4 18. Na4 c3 19. Qc2 Qc7 20. Bd3 g6 21. Nc5 Rb6 22.
Qf2 Nd6 23. Nh4 Re8 24. h3 Nef5 25. g4 Nxh4 26. Qxh4 Nb7 27. Na4 Rbe6 28. Qf2
R6e7 29. Bf1 Bd7 30. Nb2 Qd6 31. Nd1 a5 32. a4 Qb6 33. Bg2 Bc6 34. Qh4 Kg7 35.
g5 fxg5 36. Qxg5 Nd6 37. Bxd5 Bxd5 38. Qxd5 Nf5 39. Rf1 Nxe3 40. Nxe3 Rxe3 41.
f5 Rg3+ 42. Kf2 Rg5 43. Qd7+ Kf8 44. Rce1 Rxf5+ 45. Kg2 Rxe1 46. Rxe1 Rf7 47.
Rf1 Rxf1 48. Kxf1 Qf6+ 49. Kg2 Qe7 50. Qc6 Qe2+ 51. Kg3 Qe3+ 52. Kg2 Qxd4 53.
Qa8+ Kg7 54. Qxa5 Qd2+ 55. Kf3 Qd3+ 56. Kg2 Qe2+ 57. Kg3 Qe3+ 58. Kg2 Qe4+ 59.
Kg3 c2 60. Qc5 Qe1+ 61. Kg4 h5+ 62. Kf3 Qc3+ 0-1

[Event "Druzynowe Mistrzostwa Polski II Liga"]
[Site "Szklarska Poreba"]
[Date "1899-12-30"]
[Round "5.5"]
[White "Skomial, Mateusz"]
[Black "Jedryczka, Krystian"]
[Result "0-1"]
[WhiteTitle "I++"]
[BlackTitle "m"]
[WhiteElo "2039"]
[BlackElo "2208"]

1. e4 c5 2. Nf3 e6 3. d4 cxd4 4. Nxd4 a6 5. c4 Nf6 6. Nc3 d6 7. Be2 Be7 8. O-O
O-O 9. Be3 Nbd7 10. f3 Qc7 11. Rc1 b6 12. g4 Bb7 13. Qe1 h6 14. h4 Nh7 15. Kg2
Ne5 16. Rh1 Ng6 17. Qg3 Bf6 18. Nd5 exd5 19. cxd5 Qd8 20. Nf5 Re8 21. Nxd6 Be5
22. Nxb7 Qb8 23. Qf2 Qxb7 24. f4 Bxb2 25. Rb1 Qe7 26. Bf3 Bf6 27. g5 hxg5 28.
hxg5 Nxg5 29. fxg5 Bxg5 30. Rxb6 Nh4+ 31. Rxh4 Bxh4 32. Qd2 Rab8 33. Rxb8 Rxb8
34. Bf4 Rb1 35. Qc2 Qb7 36. Qc6 Qb6 37. Kh3 Be7 38. Qxb6 Rxb6 39. e5 Kf8 40. d6
Bd8 41. Bd5 Rb4 42. Bg3 Rd4 43. Bb3 a5 44. e6 fxe6 45. Bxe6 Bb6 46. Kg2 Bc5 47.
d7 Bb6 48. Kf3 Ke7 49. Bf5 Ra4 50. Be5 g5 51. Kg3 Rxa2 52. Kg4 Rg2+ 53. Kh5 Kf7
54. Be4 Re2 55. Bd4 Bd8 56. Bd3 Rh2+ 57. Kg4 Rh4+ 0-1

[Event "Druzynowe Mistrzostwa Polski II Liga"]
[Site "Szklarska Poreba"]
[Date "1899-12-30"]
[Round "5.6"]
[White "Leszner, Liliana"]
[Black "Krzyzanowska-zadlo, Lidia"]
[Result "1-0"]
[WhiteTitle "WIM"]
[BlackTitle "k"]
[WhiteElo "2055"]
[BlackElo "1842"]

1. e4 c5 2. Nc3 e6 3. g3 Nc6 4. Bg2 Nf6 5. d3 a6 6. a4 Be7 7. Nge2 O-O 8. O-O d6
9. h3 Bd7 10. f4 Rb8 11. g4 b5 12. axb5 axb5 13. Ng3 b4 14. Nce2 e5 15. Nf5 exf4
16. Nxf4 h6 17. Qe1 Bxf5 18. gxf5 Nd7 19. Nh5 Nd4 20. Qd1 Bf6 21. Bf4 Ne5 22.
c3 bxc3 23. bxc3 Ndc6 24. Kh1 Kh7 25. Ra6 Rb6 26. Rxb6 Qxb6 27. Nxf6+ gxf6 28.
Qh5 Rh8 29. Qxh6+ Kg8 30. Qxf6 Qd8 31. Qxd8+ Nxd8 32. d4 Nc4 33. Ra1 cxd4 34.
Ra4 Ne5 35. cxd4 1-0

[Event "Druzynowe Mistrzostwa Polski II Liga"]
[Site "Szklarska Poreba"]
[Date "1899-12-30"]
[Round "5.8"]
[White "Chmiel, Marcin"]
[Black "Wiewiora, Eneasz"]
[Result "1/2-1/2"]
[WhiteTitle "k"]
[BlackTitle "FM"]
[WhiteElo "2250"]
[BlackElo "2325"]

1. Nc3 c5 2. e4 Nc6 3. f4 g6 4. Nf3 Bg7 5. g3 d6 6. Bg2 e6 7. O-O Nge7 8. d3 O-O
9. Be3 Nd4 10. Qd2 b6 11. Rae1 Bb7 12. Ne2 Nxf3+ 13. Bxf3 f5 14. c4 Qd7 15. g4
fxe4 16. dxe4 d5 17. exd5 exd5 18. cxd5 Bxd5 19. Rd1 Rad8 20. Nc3 Bxc3 21. Qxc3
Qe6 22. Bc1 Bxf3 23. Qxf3 Nc6 24. Rxd8 Rxd8 25. f5 gxf5 26. gxf5 Qd5 27. Qg4+
Kh8 28. Bg5 Rf8 29. f6 Ne5 30. Qg3 Qd4+ 31. Be3 Qg4 32. Bh6 Qd4+ 33. Rf2 Qd1+
34. Rf1 Qd4+ 35. Be3 Qg4 36. Qxg4 Nxg4 37. Bg5 h6 38. Rf4 hxg5 39. Rxg4 Rxf6 40.
Rxg5 Kh7 41. Rd5 Kg6 42. Kg2 Rf4 43. Kg3 Rb4 44. b3 a5 45. h4 1/2-1/2

[Event "Druzynowe Mistrzostwa Polski II Liga"]
[Site "Szklarska Poreba"]
[Date "1899-12-30"]
[Round "5.9"]
[White "Mulet, Piotr"]
[Black "Gbyl, Andrzej"]
[Result "0-1"]
[WhiteTitle "FM"]
[BlackTitle "k+"]
[WhiteElo "2323"]
[BlackElo "2236"]

1. e4 c6 2. Nc3 d5 3. Nf3 Nf6 4. e5 Ne4 5. Be2 e6 6. d3 Nxc3 7. bxc3 c5 8. d4 c4
9. O-O Qa5 10. Qd2 h6 11. Ne1 Bd7 12. f4 Nc6 13. g3 O-O-O 14. Ng2 f5 15. exf6
gxf6 16. a4 e5 17. fxe5 fxe5 18. dxe5 Nxe5 19. Ba3 Bxa3 20. Rxa3 Qc5+ 21. Qd4
Qxa3 22. Qxe5 Rhe8 23. Qxd5 Bc6 24. Qxc4 Re4 25. Bg4+ Kb8 0-1

[Event "Druzynowe Mistrzostwa Polski II Liga"]
[Site "Szklarska Poreba"]
[Date "1899-12-30"]
[Round "5.10"]
[White "Golda, Sebastian"]
[Black "Jaroch, Karol"]
[Result "0-1"]
[WhiteTitle "k"]
[BlackTitle "m"]
[WhiteElo "2115"]
[BlackElo "2200"]

1. d4 e6 2. Nc3 d5 3. Bf4 Nf6 4. Nb5 Na6 5. a3 c6 6. Nc3 Be7 7. e3 b6 8. Nf3 Bb7
9. Bd3 O-O 10. Ne5 Nb8 11. Qf3 c5 12. O-O Qc8 13. Rfd1 a6 14. Qh3 c4 15. Be2 Nbd7
16. Bf3 b5 17. Nb1 a5 18. a4 b4 19. c3 Nb6 20. Nd2 Bc6 21. Nxc6 Qxc6 22. g4 Nxa4
23. Nxc4 Qxc4 24. Rxa4 Qb3 25. Raa1 Qxb2 26. cxb4 axb4 27. Rab1 Qa2 28. Qf1 Rfc8
29. Ra1 Qc2 30. g5 Ne4 31. Rac1 Qa4 32. Bxe4 dxe4 33. Rxc8+ Rxc8 34. d5 exd5 35.
Rxd5 Qc2 36. Qb5 b3 37. Be5 Bxg5 38. Bxg7 Bh4 39. Rf5 Qd1+ 0-1

[Event "Druzynowe Mistrzostwa Polski II Liga"]
[Site "Szklarska Poreba"]
[Date "1899-12-30"]
[Round "5.11"]
[White "Samborski, Henryk"]
[Black "Marczuk, Anna"]
[Result "0-1"]
[WhiteTitle "k"]
[BlackTitle "k"]
[WhiteElo "2093"]
[BlackElo "1929"]

1. Nf3 d6 2. e4 c5 3. d4 cxd4 4. Nxd4 Nf6 5. Nc3 a6 6. f3 e5 7. Nb3 Be7 8. Be3
Be6 9. Qd2 O-O 10. O-O-O Qc7 11. g4 Rc8 12. Kb1 d5 13. g5 d4 14. gxf6 dxe3 15.
Qxe3 Bxf6 16. Rd2 b5 17. Nd5 Bxd5 18. exd5 Qd6 19. h4 Rc7 20. Qe4 Nd7 21. Bd3
g6 22. h5 Nb6 23. Qg4 Bg7 24. hxg6 hxg6 25. Qh4 Rac8 26. Rg2 Nxd5 27. Bxg6 fxg6
28. Nd2 Nf4 29. Ne4 Qe7 30. Qh7+ Kf8 31. Rd2 Rd8 32. Qh2 Rcd7 33. Rxd7 Qxd7 34.
a3 a5 35. Qf2 Qc7 36. Qe3 Rc8 37. Rh2 Rd8 38. b3 a4 39. Nc5 Rd1+ 40. Ka2 Qd6 41.
c3 Nd5 42. Qf2 axb3+ 43. Kxb3 Nb6 44. Qc2 Qd5+ 45. Kb4 Qc4+ 46. Ka5 Qxc5 0-1

[Event "Druzynowe Mistrzostwa Polski II Liga"]
[Site "Szklarska Poreba"]
[Date "1899-12-30"]
[Round "5.12"]
[White "Jedrocha, Katarzyna"]
[Black "Richterova, Natasa"]
[Result "1/2-1/2"]
[WhiteTitle "k"]
[BlackTitle "WIM"]
[WhiteElo "1902"]
[BlackElo "2188"]

1. d4 d5 2. Bf4 Nf6 3. e3 c6 4. Be2 Bf5 5. Nf3 h6 6. h3 e6 7. c4 Bxb1 8. Qxb1 Bb4+
9. Kf1 Nbd7 10. a3 Be7 11. c5 Ne4 12. Qc2 f5 13. Bd3 g5 14. Bh2 O-O 15. Ke2 b6
16. b4 b5 17. a4 a6 18. Ne5 Nxe5 19. Bxe5 Bf6 20. Bh2 Bg7 21. f3 Nf6 22. axb5
axb5 23. Rxa8 Qxa8 24. Qb2 Qb7 25. Ra1 Ra8 26. Ra3 Ra4 27. Rxa4 bxa4 28. Qa3 Qa7
29. Bc2 Qa6+ 30. Bd3 Qa8 31. Bc2 Qa6+ 32. Kf2 f4 33. Bd3 fxe3+ 34. Kxe3 Qa7 35.
Be5 Nh5 36. Bxg7 Kxg7 37. Kf2 Qb8 38. Qxa4 Qg3+ 39. Kf1 Nf4 40. Qc2 Qh2 41. b5
Qh1+ 42. Kf2 Qxg2+ 43. Ke3 Qg1+ 44. Kd2 Qxd4 45. Qc3 Qxc3+ 46. Kxc3 cxb5 47. c6
d4+ 48. Kxd4 Nd5 49. Ke5 Kf7 50. Bxb5 Ke7 51. Bc4 Nb4 52. c7 Nc6+ 53. Ke4 Na7
54. Ke5 Nc6+ 55. Ke4 Na7 56. Ke5 Nc6+ 57. Ke4 1/2-1/2

[Event "Druzynowe Mistrzostwa Polski II Liga"]
[Site "Szklarska Poreba"]
[Date "1899-12-30"]
[Round "5.13"]
[White "Zylka, Stanislaw"]
[Black "Mroziak, Maciej"]
[Result "1/2-1/2"]
[WhiteTitle "FM"]
[BlackTitle "IM"]
[WhiteElo "2344"]
[BlackElo "2406"]

1. e4 e5 2. Nf3 Nc6 3. Bb5 Bc5 4. c3 f5 5. Bxc6 dxc6 6. Nxe5 Qh4 7. d4 Qxe4+ 8.
Qe2 Qxe2+ 9. Kxe2 Bd6 10. Re1 Be6 11. Kf1 O-O-O 12. Nd2 Re8 13. b4 Nf6 14. Bb2
Bxe5 15. dxe5 Nd5 16. g3 Nb6 17. a4 Nc4 18. Nxc4 Bxc4+ 19. Kg2 Rd8 20. Red1 Rxd1
21. Rxd1 Bb3 22. Rd4 Re8 23. f4 Bxa4 24. Kh3 Rd8 25. Kh4 Rxd4 26. cxd4 Kd7 27.
Kg5 Ke6 28. h4 Bd1 29. h5 Bg4 30. h6 g6 31. Ba3 Bf3 32. Bb2 b6 33. Bc3 a6 34.
Be1 Be2 1/2-1/2

[Event "Druzynowe Mistrzostwa Polski II Liga"]
[Site "Szklarska Poreba"]
[Date "1899-12-30"]
[Round "5.14"]
[White "Wandzik, Wojciech"]
[Black "Tomaszewski, Kacper"]
[Result "0-1"]
[WhiteTitle "m"]
[BlackTitle "k"]
[WhiteElo "2396"]
[BlackElo "2221"]

1. e4 c5 2. Nf3 e6 3. d4 cxd4 4. Nxd4 Nf6 5. Nc3 d6 6. Be2 Be7 7. O-O O-O 8. Be3
a6 9. f4 Qc7 10. Qe1 b5 11. Bf3 Bb7 12. a3 Nbd7 13. Qg3 Nc5 14. f5 e5 15. Bh6
Ne8 16. Nb3 Kh8 17. Be3 Nf6 18. Nd2 Rfd8 19. Rac1 Rac8 20. Kh1 Qb8 21. Nd5 Bxd5
22. exd5 Na4 23. Qh3 Nxb2 24. g4 Nc4 25. Nxc4 Rxc4 26. g5 Ng8 27. Be2 Ra4 28.
f6 gxf6 29. gxf6 Bxf6 30. Rxf6 Nxf6 31. Rf1 Qc8 32. Qh6 Ng8 33. Qg5 f5 34. Rxf5
Rf8 35. Bd3 Rxf5 36. Bxf5 Qc7 37. Qh5 Qg7 38. Bg5 Rxa3 39. h4 h6 40. Be6 Qh7 41.
Bxg8 Qe4+ 42. Kg1 Qe1+ 0-1

[Event "Druzynowe Mistrzostwa Polski II Liga"]
[Site "Szklarska Poreba"]
[Date "1899-12-30"]
[Round "5.15"]
[White "Walach, Marcin"]
[Black "Gola, Karol"]
[Result "1/2-1/2"]
[WhiteTitle "FM"]
[BlackTitle "k"]
[WhiteElo "2320"]
[BlackElo "2207"]

1. e4 c5 2. Nf3 e6 3. c3 Nf6 4. e5 Nd5 5. d4 cxd4 6. cxd4 d6 7. Bc4 Nc6 8. O-O
Be7 9. Bd2 O-O 10. Nc3 Nxc3 11. Bxc3 Bd7 12. Rc1 Rc8 13. Bd3 dxe5 14. dxe5 Nb4
15. Bxb4 Bxb4 16. Rxc8 Bxc8 17. Qc2 g6 18. a3 Be7 19. Rc1 Bd7 20. Be4 Qb6 21.
h4 Rc8 22. Qd2 Rd8 23. Qc2 Rc8 24. Qd2 Rd8 25. Qc2 Rc8 26. Qd2 Rd8 27. Qc2 Rc8
28. Qd2 Rd8 29. Qc2 Rc8 30. Qd2 Rd8 31. Qf4 Qxb2 32. Rb1 Qxa3 33. Rxb7 1/2-1/2

[Event "Druzynowe Mistrzostwa Polski II Liga"]
[Site "Szklarska Poreba"]
[Date "1899-12-30"]
[Round "5.16"]
[White "Lizak, Jakub"]
[Black "Wolynski, Krzysztof"]
[Result "1-0"]
[WhiteTitle "k"]
[BlackTitle "I++"]
[WhiteElo "2222"]
[BlackElo "2118"]

1. e4 c6 2. d4 d5 3. Nc3 dxe4 4. Nxe4 g6 5. Nf3 Bg7 6. h3 Nd7 7. Bc4 Ngf6 8. Nxf6+
Nxf6 9. O-O O-O 10. Re1 e6 11. Bf4 b6 12. Qe2 Bb7 13. Rad1 Re8 14. Ba6 Bxa6 15.
Qxa6 Qc8 16. Qd3 Qb7 17. c4 Rad8 18. b3 Qa8 19. Qe3 Qb7 20. Rd2 Nh5 21. Be5 f6
22. Bh2 Bf8 23. Qe4 Bb4 24. Rde2 Bxe1 25. Rxe1 Qc8 26. g4 Ng7 27. g5 Rf8 28. gxf6
Rxf6 29. Ne5 c5 30. Ng4 Rff8 31. Be5 Rxd4 32. Bxd4 cxd4 33. Qxd4 Qd8 34. Nh6+
1-0

[Event "Druzynowe Mistrzostwa Polski II Liga"]
[Site "Szklarska Poreba"]
[Date "1899-12-30"]
[Round "5.17"]
[White "Cieslak, Patrycjusz"]
[Black "Szolc, Grzegorz"]
[Result "1/2-1/2"]
[WhiteTitle "I"]
[BlackTitle "I+"]
[WhiteElo "1988"]
[BlackElo "1995"]

1. d4 Nf6 2. Nc3 d5 3. Bg5 Bf5 4. f3 Nbd7 5. Nxd5 Nxd5 6. e4 h6 7. Bh4 c5 8. dxc5
Qa5+ 9. Qd2 Qxd2+ 10. Kxd2 Bxe4 11. fxe4 N5f6 12. Bxf6 exf6 13. b4 b6 14. c6 Ne5
15. b5 O-O-O 16. Bd3 Bb4+ 17. Ke2 Rhe8 18. Nf3 f5 19. Nxe5 Rxe5 20. Rhd1 Rd4 21.
Ke3 Bc5 22. Kf4 Bd6 23. c3 g5+ 24. Ke3 Ra4 25. Bc2 Bc5+ 26. Ke2 Ra3 27. Bb3 Rxe4+
28. Kd3 Re3+ 29. Kc2 a6 30. Rd2 axb5 31. Rad1 Re7 32. Rd7 Ra7 33. Rxa7 Rxa7 34.
Rd5 f4 35. Rf5 Re7 36. Rxf7 Rxf7 1/2-1/2

[Event "Druzynowe Mistrzostwa Polski II Liga"]
[Site "Szklarska Poreba"]
[Date "1899-12-30"]
[Round "5.18"]
[White "Mazur, Anna"]
[Black "Cieslak, Wiktoria"]
[Result "0-1"]
[WhiteTitle "I+"]
[BlackTitle "k++"]
[WhiteElo "1693"]
[BlackElo "1824"]

1. e4 c5 2. Nc3 Nc6 3. g3 g6 4. Bg2 Bg7 5. d3 d6 6. f4 e6 7. Nf3 Nge7 8. O-O O-O
9. Be3 Rb8 10. Rb1 Nd4 11. Ne2 Nec6 12. c3 Nxf3+ 13. Rxf3 f5 14. Rf2 Qe7 15. h3
Bd7 16. Bh1 b5 17. b4 e5 18. bxc5 dxc5 19. Rh2 a5 20. Rc1 Kh8 21. Bf3 Qd6 22.
d4 cxd4 23. cxd4 exd4 24. e5 Qa3 25. Qb3 Qxb3 26. axb3 Nxe5 27. Nxd4 Nxf3+ 28.
Nxf3 a4 29. bxa4 bxa4 30. Ne5 Be6 31. Ra1 Rb3 32. Bd4 a3 33. Re2 Bd5 34. Kf2 Rd3
35. Bc5 Ra8 36. Re3 Rxe3 37. Kxe3 a2 38. g4 Ra4 39. Bd4 Kg8 40. gxf5 g5 41. fxg5
Bxe5 42. Bxe5 Re4+ 0-1

[Event "Druzynowe Mistrzostwa Polski II Liga"]
[Site "Szklarska Poreba"]
[Date "1899-12-30"]
[Round "5.19"]
[White "Molenda, Marcin"]
[Black "Zaskalski, Arkadiusz"]
[Result "1-0"]
[WhiteTitle "FM"]
[BlackTitle "k"]
[WhiteElo "2411"]
[BlackElo "2165"]

1. c4 c5 2. Nf3 Nf6 3. Nc3 g6 4. d4 cxd4 5. Nxd4 Nc6 6. e4 Nxd4 7. Qxd4 d6 8. f3
Bg7 9. Be3 O-O 10. Qd2 Bd7 11. Rc1 Bc6 12. Be2 a5 13. b3 Nd7 14. O-O Nc5 15. Nd5
f5 16. Bg5 Rf7 17. exf5 gxf5 18. Rfd1 b6 19. Qe3 Ra7 20. f4 Bxd5 21. Rxd5 Qd7
22. Bf3 Bf6 23. Bxf6 Rxf6 24. a3 Qd8 25. b4 axb4 26. axb4 Nd7 27. Rb5 Rc7 28.
Bd5+ Kh8 29. Be6 Ne5 30. fxe5 Rxe6 31. Qd4 Kg8 32. Qd5 Qd7 33. Rxb6 Kg7 34. exd6
Rxd6 35. Rxd6 Qxd6 36. Qxd6 exd6 37. Kf2 Kf6 38. Ke3 Ke5 39. Kd3 Rb7 40. Re1+
Kf6 41. Rb1 Ke5 42. b5 f4 43. b6 Kd5 44. Ke4+ 1-0

[Event "Druzynowe Mistrzostwa Polski II Liga"]
[Site "Szklarska Poreba"]
[Date "1899-12-30"]
[Round "5.20"]
[White "Markiewicz, Jerzy"]
[Black "Czerw, Dawid"]
[Result "1-0"]
[WhiteTitle "FM"]
[BlackTitle "k"]
[WhiteElo "2156"]
[BlackElo "2260"]

1. e4 c5 2. Nf3 d6 3. Bb5+ Nc6 4. O-O Bd7 5. Re1 a6 6. Bf1 e5 7. c3 Bg4 8. h3 Bxf3
9. Qxf3 g6 10. Bc4 Nf6 11. d3 Bg7 12. a4 h6 13. Nd2 O-O 14. Nf1 Rb8 15. Ne3 Kh7
16. g4 Ne8 17. h4 Qxh4 18. Kg2 Qf6 19. Qh3 g5 20. Nd5 Qg6 21. Rh1 Rh8 22. Qf3
Nf6 23. Bd2 Nxd5 24. Bxd5 Nd8 25. Rh5 Kg8 26. Ra3 Qf6 27. Rb3 Qxf3+ 28. Kxf3 Kf8
29. Rb6 Ke7 30. b4 cxb4 31. cxb4 Kd7 32. Rh1 Rc8 33. a5 Rc7 34. Be3 Re8 35. Rb1
Bf8 36. b5 axb5 37. R6xb5 Kc8 38. Bb6 Ree7 39. Bxc7 Rxc7 40. R5b4 Be7 41. Rc4
Rc5 42. Rxc5+ dxc5 43. Bxb7+ Kb8 44. Bd5+ Ka7 45. Rb6 1-0

[Event "Druzynowe Mistrzostwa Polski II Liga"]
[Site "Szklarska Poreba"]
[Date "1899-12-30"]
[Round "5.21"]
[White "Hrtanek, Jiri"]
[Black "Augustyn, Sebastian"]
[Result "0-1"]
[WhiteTitle "I"]
[BlackTitle "k"]
[WhiteElo "1986"]
[BlackElo "2144"]

1. d4 d6 2. c4 g6 3. Nc3 Bg7 4. e4 Nc6 5. Be3 e5 6. Nf3 Bg4 7. d5 Nd4 8. Be2 Bxf3
9. Bxf3 c5 10. O-O Ne7 11. Qa4+ Qd7 12. Bd1 a6 13. a3 Qxa4 14. Bxa4+ Kd8 15. Rfb1
Kc7 16. b4 b6 17. Ra2 Rhb8 18. bxc5 bxc5 19. Rab2 Nc8 20. Be8 Rxb2 21. Rxb2 Nb6
22. Bxf7 Nxc4 23. Ra2 Rb8 24. g3 Rb3 25. Bxd4 exd4 26. Na4 Rxa3 27. Rxa3 Nxa3
28. Kf1 c4 29. f4 d3 30. Ke1 c3 31. e5 c2 32. Kd2 dxe5 33. Nc5 e4 34. d6+ Kxd6
35. Nxe4+ Ke7 0-1

[Event "Druzynowe Mistrzostwa Polski II Liga"]
[Site "Szklarska Poreba"]
[Date "1899-12-30"]
[Round "5.22"]
[White "Czarnecki, Wojciech"]
[Black "Rydzewski, Pawel"]
[Result "1/2-1/2"]
[WhiteTitle "k"]
[BlackTitle "I"]
[WhiteElo "2020"]
[BlackElo "1938"]

1. c4 g6 2. Nc3 Bg7 3. g3 c6 4. Bg2 d6 5. Nf3 Nd7 6. O-O Ngf6 7. d3 O-O 8. Rb1
Ne8 9. Qc2 e5 10. b4 Nc7 11. Ba3 Re8 12. b5 c5 13. Rfd1 Rb8 14. e3 b6 15. d4 Bb7
16. dxe5 dxe5 17. Ne4 Bxe4 18. Qxe4 Qe7 19. Bb2 Nf8 20. Rd2 f5 21. Qc2 e4 22.
Bxg7 Qxg7 23. Ng5 Qe7 24. Nh3 Rbd8 25. Rbd1 Rxd2 26. Qxd2 Nce6 27. Nf4 Nxf4 28.
gxf4 Kf7 29. Qd5+ Ne6 30. Qc6 Rd8 31. Rd5 Rxd5 32. Qxd5 Ke8 33. f3 exf3 34. Bxf3
Kf7 35. Kf1 Qd8 36. Qb7+ Qc7 37. Qa8 Nd8 38. Qd5+ Ne6 39. Qa8 Nd8 40. Qd5+ Ne6
1/2-1/2

[Event "Druzynowe Mistrzostwa Polski II Liga"]
[Site "Szklarska Poreba"]
[Date "1899-12-30"]
[Round "5.23"]
[White "Galuszka, Tomasz"]
[Black "Markiewicz, Mateusz"]
[Result "0-1"]
[WhiteTitle "I"]
[BlackTitle "I++"]
[WhiteElo "1895"]
[BlackElo "2021"]

1. e4 c5 2. Nf3 Nf6 3. d3 Nc6 4. g3 e5 5. Bg2 d5 6. Qe2 Bd6 7. O-O O-O 8. Nbd2
Bg4 9. c3 Qd7 10. Re1 Rfe8 11. Nf1 d4 12. c4 Rab8 13. h4 h6 14. a3 b5 15. N1d2
Na5 16. cxb5 Qxb5 17. Qf1 Rec8 18. Nc4 Nxc4 19. dxc4 Qb3 20. Nd2 Qc2 21. f3 Be6
22. Qe2 Bc7 23. f4 Ba5 24. f5 d3 25. Qd1 Bxc4 26. Qxc2 dxc2 27. Bf1 Bxf1 28. Kxf1
Rd8 29. Re2 Bxd2 30. Bxd2 Rxb2 31. Rc1 Rb1 32. Be3 Rd1+ 33. Re1 Ng4 34. Bd2 Rxd2
35. Rxb1 Nh2+ 36. Kg1 Nf3+ 37. Kf1 Nxe1 38. Rxe1 Rd1 39. Ke2 c1=Q 40. Rxd1 Qxa3
41. Rd3 Qb2+ 42. Rd2 Qb5+ 43. Ke3 c4 44. g4 Qb6+ 45. Ke2 c3 46. Rd3 Qc6 47. g5
Qxe4+ 48. Re3 Qc2+ 49. Kf3 Qxf5+ 50. Ke2 Qc2+ 51. Kf3 e4+ 52. Kf4 Qd2 53. gxh6
gxh6 54. h5 c2 55. Kxe4 Qxe3+ 56. Kxe3 c1=Q+ 57. Kf3 Qc4 0-1

[Event "Druzynowe Mistrzostwa Polski II Liga"]
[Site "Szklarska Poreba"]
[Date "1899-12-30"]
[Round "5.25"]
[White "Dowgird, Filip"]
[Black "Piotrowski, Przemyslaw"]
[Result "1-0"]
[WhiteTitle "k"]
[BlackTitle "k+"]
[WhiteElo "2270"]
[BlackElo "2324"]

1. e4 c5 2. g3 Nc6 3. Bg2 g6 4. d3 Bg7 5. f4 e6 6. Nf3 d5 7. c3 Nge7 8. e5 O-O
9. a4 f6 10. exf6 Bxf6 11. Be3 d4 12. Bf2 e5 13. cxd4 exd4 14. Nbd2 Nd5 15. Ne4
Bg7 16. Qb3 Kh8 17. O-O b6 18. Nfg5 Nce7 19. a5 h6 20. axb6 hxg5 21. b7 Bxb7 22.
Qxb7 gxf4 23. Nxc5 Qd6 24. Ne4 Qe5 25. gxf4 Nxf4 26. Bg3 Ned5 27. Ra5 Rad8 28.
Rxf4 Rxf4 29. Rxd5 Qxd5 30. Qxd5 Rxd5 31. Bxf4 Ra5 32. Nd6 Kh7 33. Nc4 Rf5 34.
Bg3 Bh6 35. Be4 Rb5 36. Be5 Bg7 37. Bd6 Bh6 38. Kf2 a5 39. h4 Bc1 40. Kf3 a4 41.
Kg4 Bxb2 42. Nxb2 Rxb2 43. h5 Rb5 44. hxg6+ Kg8 45. Kf4 Ra5 46. Be5 a3 47. Bxd4
a2 48. Ba1 Rc5 49. Bf5 Rc6 50. Kg5 Rb6 51. Kh6 Rc6 52. d4 Rf6 53. Kg5 Rd6 54.
d5 1-0

[Event "Druzynowe Mistrzostwa Polski II Liga"]
[Site "Szklarska Poreba"]
[Date "1899-12-30"]
[Round "5.26"]
[White "Chojnacki, Slawomir"]
[Black "Dobrowolski, Aleksander"]
[Result "0-1"]
[WhiteTitle "k"]
[BlackTitle "m"]
[WhiteElo "2260"]
[BlackElo "2266"]

1. d4 Nf6 2. Nf3 d5 3. Bf4 c5 4. e3 cxd4 5. exd4 Nc6 6. c3 Qb6 7. Qb3 Qxb3 8. axb3
Bf5 9. h3 e6 10. Bb5 Nd7 11. O-O Be7 12. b4 f6 13. Nbd2 g5 14. Bh2 h5 15. Ra2
g4 16. Nh4 Bh7 17. Rfa1 f5 18. g3 f4 19. Bxc6 bxc6 20. Rxa7 Rxa7 21. Rxa7 f3 22.
Ra8+ Bd8 23. Nhxf3 gxf3 24. Nxf3 O-O 25. g4 Nb6 26. Rb8 Nc4 27. b3 Be4 28. bxc4
Bxf3 29. b5 cxb5 30. Bd6 Be7 31. Rxf8+ Kxf8 32. Bxe7+ Kxe7 33. cxb5 h4 34. g5
Be4 35. f3 Bf5 36. Kf2 Kd7 37. Ke3 Kc7 38. Kf4 Kb6 39. Ke5 Bxh3 40. g6 Bf5 41.
g7 Bh7 0-1

[Event "Druzynowe Mistrzostwa Polski II Liga"]
[Site "Szklarska Poreba"]
[Date "1899-12-30"]
[Round "5.27"]
[White "Kwiecinski, Marian"]
[Black "Fiedorek, Michal"]
[Result "1/2-1/2"]
[WhiteTitle "k"]
[BlackTitle "I"]
[WhiteElo "2216"]
[BlackElo "2001"]

1. Nf3 Nf6 2. c4 g6 3. d4 Bg7 4. Nc3 d6 5. g3 O-O 6. Bg2 Nc6 7. O-O Bg4 8. h3 Bxf3
9. Bxf3 Qd7 10. Bg2 e5 11. e3 Rad8 12. b3 Ne8 13. Ne2 f5 14. Bb2 e4 15. Qd2 g5
16. f3 exf3 17. Rxf3 Ne7 18. e4 h6 19. exf5 Nxf5 20. Raf1 c6 21. Qd3 Ne7 22. Rxf8+
Bxf8 23. d5 Bg7 24. Nd4 Nc7 25. dxc6 bxc6 26. Bc3 Ne6 27. Nxe6 Qxe6 28. Bxg7 Kxg7
29. Qd4+ Qe5 30. Qxa7 Rf8 31. Rxf8 Kxf8 32. Qf2+ Kg7 33. Kh2 h5 34. Bf3 h4 35.
Kg2 Nf5 36. Bg4 Nxg3 37. Qc2 Qa1 38. Kf2 Qf1+ 39. Ke3 Qe1+ 40. Kd3 Qe4+ 41. Kc3
Qe5+ 42. Kb4 Qc5+ 43. Ka4 Qa7+ 44. Kb4 Qc5+ 45. Ka4 Qa7+ 46. Kb4 Qc5+ 47. Kc3
Qe5+ 48. Kd2 Nf1+ 49. Kc1 Qa1+ 50. Qb1 Qc3+ 1/2-1/2